000 01040nam1a22002651 4500
001 rc\3799170
005 20120311164256.9
021 _aRU
_bРг3901-76
021 _aRU
_b76-6677
035 _a(NLR Aleph) 007246001
090 _a7771239
_c7771239
100 _a20120311d1975 |||y0rusy50 ca
101 0 _arus
102 _aRU
105 _ay z |||||
200 1 _aЗаочный курс повышения квалификации зарубежных преподавателей русского языка
_f[Ред. Е.Ю. Владимирский] [и др.]
_gИн-т рус. яз. им. А.С. Пушкина. Вып. 1-
_iРусский язык. Фонетика
210 _aМосква
_cРус. яз.
_d1975
215 _d21
702 1 _aВладимирский
_bЕ. Ю.
_4340
712 0 2 _aИнститут русского языка им. А. С. Пушкина
_cМосква
_3RU\NLR\AUTH\8818515
801 0 _aRU
_bNLR
_gpsbo
801 1 _aRU
_bELAR
_2rusmarc
852 _aNLR
_j76-3/1789
942 _cBOOK
980 _aNB